[Event "Vezerkepzo GM November 2021"]
[Site "Budapest"]
[Date "2021.11.26"]
[Round "8.2"]
[White "Kovalev, Andrei"]
[Black "Nitish Belurkar"]
[Result "1/2-1/2"]
[WhiteElo "2501"]
[BlackElo "2362"]
[Annotator "RC"]
[PlyCount "20"]
[EventDate "2021.11.20"]
[EventType "tourn"]
[EventCountry "HUN"]
[SourceTitle "playchess.com"]
[Source "ChessBase"]
[SourceQuality "1"]
[TimeControl "40/5400+30:1800+30"]

1. e4 {[%emt 0:06:01]} e6 {[%emt 0:00:08]} 2. d4 {[%emt 0:00:04]} d5 {[%emt 0:00:05]} 3. Nc3 {[%emt 0:00:03]} Bb4 {[%emt 0:00:04]} 4. e5 {[%emt 0:00:03]} c5 {[%emt 0:00:04]} 5. Bd2 {[%emt 0:00:04]} Ne7 {[%emt 0:00:17]} 6. a3 {[%emt 0:00:20]} Bxc3 {[%emt 0:00:13]} 7. Bxc3 {[%emt 0:00:05]} b6 {[%emt 0:00:07]} 8. Bb5+ {[%emt 0:00:42]} Bd7 {[%emt 0:00:06]} 9. Be2 {[%emt 0:00:22]} Nbc6 {[%emt 0:00:28]} 10. Nf3 {[%emt 0:00:04]} Qc7 {[%emt 0:01:50]} 1/2-1/2

[Event "Vezerkepzo GM November 2021"]
[Site "Budapest"]
[Date "2021.11.26"]
[Round "8.3"]
[White "Juhasz, Agoston"]
[Black "Prraneeth Vuppala"]
[Result "1-0"]
[WhiteElo "2379"]
[BlackElo "2275"]
[Annotator "ChessBase"]
[PlyCount "79"]
[EventDate "2021.11.20"]
[EventType "tourn"]
[EventCountry "HUN"]
[SourceTitle "playchess.com"]
[Source "ChessBase"]
[SourceQuality "1"]
[TimeControl "40/5400+30:1800+30"]

1. e4 {[%emt 0:00:13]} e5 {[%emt 0:03:03]} 2. Nf3 {[%emt 0:00:22]} Nc6 {[%emt 0:00:12]} 3. Bc4 {[%emt 0:00:24]} Bc5 {[%emt 0:00:40]} 4. c3 {[%emt 0:00:28]} Nf6 {[%emt 0:00:09]} 5. d3 {[%emt 0:00:40]} d6 {[%emt 0:00:37]} 6. O-O {[%emt 0:00:21]} h6 {[%emt 0:00:08]} 7. Re1 {[%emt 0:03:00]} O-O {[%emt 0:00:27]} 8. h3 {[%emt 0:01:51]} a5 {[%emt 0:00:47]} 9. Nbd2 {[%emt 0:01:24]} Be6 {[%emt 0:00:54]} 10. Bb5 {[%emt 0:00:35]} Qb8 {[%emt 0:00:39]} 11. Bxc6 {[%emt 0:02:50]} bxc6 {[%emt 0:00:28]} 12. d4 {[%emt 0:00:31]} exd4 {[%emt 0:05:53]} 13. cxd4 {[%emt 0:00:09]} Bb6 {[%emt 0:02:23]} 14. a4 {[%emt 0:02:33]} Qa7 {[%emt 0:05:08]} 15. Nf1 {[%emt 0:15:10]} d5 {[%emt 0:18:14]} 16. e5 {[%emt 0:02:59]} Ne4 {[%emt 0:00:14]} 17. Be3 {[%emt 0:04:12]} c5 {[%emt 0:12:10]} 18. dxc5 {[%emt 0:13:12]} Bxc5 {[%emt 0:00:06]} 19. Rc1 {[%emt 0:03:35]} Bxe3 {[%emt 0:07:24]} 20. Nxe3 {[%emt 0:00:24]} Qb7 {[%emt 0:01:43]} 21. Nd4 {[%emt 0:07:23]} c5 {[%emt 0:04:58]} 22. Nb5 {[%emt 0:04:04]} d4 {[%emt 0:17:47]} 23. Nc4 {[%emt 0:01:11]} Bxc4 {[%emt 0:10:28]} 24. Rxc4 {[%emt 0:00:05]} Ng5 {[%emt 0:01:20]} 25. f4 {[%emt 0:06:47]} Ne6 {[%emt 0:04:04]} 26. f5 {[%emt 0:00:34]} Nf4 {[%emt 0:00:55]} 27. Qd2 {[%emt 0:01:41]} g5 {[%emt 0:02:29]} 28. Rxc5 {[%emt 0:01:48]} d3 {[%emt 0:00:08]} 29. Kh2 {[%emt 0:02:27]} Rac8 {[%emt 0:00:18]} 30. Rxc8 {[%emt 0:05:27]} Qxc8 {[%emt 0:00:04]} 31. g3 {[%emt 0:02:13]} Nd5 {[%emt 0:00:50]} 32. Qxd3 {[%emt 0:03:35]} Nb4 {[%emt 0:00:52]} 33. Qe4 {[%emt 0:02:26]} Qc5 {[%emt 0:00:37]} 34. Nd4 {[%emt 0:05:28]} Rd8 {[%emt 0:00:23]} 35. e6 {[%emt 0:03:10]} Rxd4 {[%emt 0:00:38]} 36. exf7+ {[%emt 0:02:10]} Kh7 {[%emt 0:00:05]} 37. f8=N+ {[%emt 0:01:39]} Kh8 {[%emt 0:00:36]} 38. Ng6+ {[%emt 0:00:30]} Kg7 {[%emt 0:00:08]} 39. Qb7+ {[%emt 0:00:21]} Kf6 {[%emt 0:00:12]} 40. Re6+ {[%emt 0:00:00]} 1-0

[Event "Vezerkepzo GM November 2021"]
[Site "Budapest"]
[Date "2021.11.26"]
[Round "8.4"]
[White "Murphy, Conor E"]
[Black "Manish Anto Cristiano F"]
[Result "1/2-1/2"]
[WhiteElo "2421"]
[BlackElo "2371"]
[Annotator "TA"]
[PlyCount "44"]
[EventDate "2021.11.20"]
[EventType "tourn"]
[EventCountry "HUN"]
[SourceTitle "playchess.com"]
[Source "ChessBase"]
[SourceQuality "1"]

{[%evp 23,31,46,70,40,132,14,39,0,0,0]} 1. e4 c5 2. Nf3 d6 3. d4 cxd4 4. Nxd4 Nf6 5. Nc3 a6 6. Bg5 e6 7. f4 Be7 8. Qf3 Qc7 9. O-O-O Nbd7 10. g4 h6 11. Bxf6 Bxf6 12. h4 Qb6 {12...Nb6 might become the main line.} 13. Nb3 {B99: Sicilian Najdorf: 6 Bg5 e6 7 f4 Be7 8 Qf3 Qc7 9 0-0-0 Nbd7.} Nc5 {[#]} (13... Be7 $14) 14. Bg2 (14. Nxc5 $1 $16 {Hoping for e5!} Qxc5 15. e5 dxe5 16. Ne4) 14... Be7 15. g5 Bd7 16. Kb1 {[#]  Weighted Error Value: White=0.76/Black=0.29} {Predecessor:} Nxb3 $146 17. cxb3 O-O-O 18. Rc1 Kb8 19. Qe2 Bc6 20. Rh3 hxg5 21. hxg5 Rxh3 22. Bxh3 Rh8 {0-1 (48) Kozyris,I (1692)-Vardakas,G (2084) Rethymno 2019} 1/2-1/2

[Event "Vezerkepzo GM November 2021"]
[Site "Budapest"]
[Date "2021.11.26"]
[Round "8.5"]
[White "Chakravarthi Reddy, M."]
[Black "Souhardo Basak"]
[Result "1-0"]
[WhiteElo "2332"]
[BlackElo "2382"]
[Annotator "TA"]
[PlyCount "131"]
[EventDate "2021.11.20"]
[EventType "tourn"]
[EventCountry "HUN"]
[SourceTitle "playchess.com"]
[Source "ChessBase"]
[SourceQuality "1"]

{[%evp 21,131,0,0,0,0,0,33,29,29,21,23,25,18,14,21,15,27,16,77,72,70,53,130,133,128,125,114,113,185,116,236,239,238,212,229,205,560,503,933,925,911,910,902,902,891,891,815,807,712,434,410,366,360,302,328,323,202,96,95,70,48,65,75,54,81,88,148,143,337,340,335,330,316,320,305,305,293,294,294,287,279,244,221,211,90,134,584,546,1484,1388,1193,1151,1051,833,595,595,584,485,4610,3370,29973,29974,29978,29979,29979,29980,29980,29981,29981,29982,29982,29983]} 1. d4 Nf6 2. c4 e6 3. Nf3 d5 4. cxd5 exd5 5. Nc3 Bb4 6. Bg5 h6 7. Bh4 O-O 8. e3 Bf5 9. Bd3 Bxd3 10. Qxd3 c6 11. O-O Nbd7 12. Ne5 {[#] D35: Queen's Gambit Declined: Exchange Variation.} g5 $146 ({Predecessor:} 12... Be7 13. f4 Nb6 14. Bxf6 Bxf6 15. Rf3 Qe7 16. Raf1 Nd7 17. e4 dxe4 18. Nxe4 Rad8 19. Ng4 h5 20. Nexf6+ Nxf6 {½-½ (37) Edouard,R (2643)-So,W (2765) Chess.com INT 2019}) 13. Bg3 Bxc3 14. bxc3 {White is slightly better.} Ne4 15. Rab1 Qe7 16. Nxd7 Qxd7 17. f3 Nxg3 18. hxg3 Rae8 19. e4 b5 (19... dxe4 $11 {remains equal.} 20. fxe4 Kg7) 20. e5 $16 f6 21. f4 g4 (21... Qh7 $14 22. Qe3 Re7) 22. a4 $1 a6 23. axb5 axb5 24. Ra1 f5 (24... Qh7 $16 {was called for.} 25. Qxh7+ Kxh7) 25. Rf2 (25. Ra6 $18) 25... Ra8 (25... h5 $16 {keeps fighting.}) 26. Rfa2 $18 Rxa2 27. Rxa2 {[%mdl 4096] Endgame KQR-KQR} Kf7 28. Qb1 Ke6 $2 (28... Kg7 29. Ra6 Qc8) 29. Ra6 Rb8 (29... Kf7 $142 30. Qb4 Rc8) 30. Qb4 Kf7 31. Qc5 Rc8 32. Qb6 Rc7 33. Ra8 Kg6 34. Qb8 {Strongly threatening Qg8+.} Kh5 35. Qh8 {Threatens to win with Rf8.} Qg7 36. Qe8+ Qf7 37. Qxf7+ Rxf7 {KR-KR} 38. Rc8 b4 39. cxb4 {[%cal Bc3b4,Bb4b5,Bb5b6,Bb6b7][%mdl 32]} Rb7 40. e6 Kg6 41. e7 Rxe7 42. Rxc6+ Kf7 43. b5 Re4 (43... Re1+ $142 44. Kf2 Rb1) 44. Rc1 $1 $16 ({Much less strong is} 44. Rxh6 Rxd4 45. b6 Rb4 $14) 44... Ke7 $2 (44... Re2 $16 {is a better defense.} 45. Rc7+ Kf6) 45. b6 $18 {Threatening mate with b7.} Kd7 46. b7 $1 {[%cal Rb7b8]} Re8 {intending ...Rb8.} 47. Rc5 Re1+ 48. Kf2 Rb1 49. Rxd5+ {[%mdl 64] Double Attack} Ke6 50. Re5+ Kf6 51. d5 Rxb7 52. Re6+ Kf7 53. Ke3 $1 Rb3+ $2 {[%mdl 8192] [#]} (53... Rb2 $16 {is more resistant.}) 54. Kd4 $1 Rxg3 55. Re2 Ra3 {[#]} 56. d6 $1 {[%cal Rd6d7]} Ra1 57. Kd5 Rd1+ 58. Kc6 h5 59. g3 h4 (59... Rd3 $142 60. d7 Rc3+ 61. Kb6 Rd3) 60. gxh4 Kg6 61. d7 {White mates.} Kh5 62. Re5 g3 63. Rd5 Rc1+ 64. Kd6 g2 65. d8=Q {[%csl Gf4,Gh4][%cal Rd8g5]} g1=Q 66. Rxf5+ {Weighted Error Value: White=0.13/Black=0.48} 1-0

[Event "Vezerkepzo GM November 2021"]
[Site "Budapest"]
[Date "2021.11.26"]
[Round "9.1"]
[White "Souhardo Basak"]
[Black "Pap, Misa"]
[Result "0-1"]
[WhiteElo "2382"]
[BlackElo "2377"]
[Annotator "TA"]
[PlyCount "132"]
[EventDate "2021.11.20"]
[EventType "tourn"]
[EventCountry "HUN"]
[SourceTitle "playchess.com"]
[Source "ChessBase"]
[SourceQuality "1"]

{[%evp 14,132,49,44,56,22,41,37,47,55,48,0,31,-6,31,31,41,25,29,-18,-31,-34,-27,-55,-34,-58,-52,-120,-125,-169,-106,-83,-101,-102,-91,-86,-71,-121,-90,-126,-72,-91,-69,-84,-31,-36,0,0,4,0,31,-8,31,-63,-53,-40,-54,-57,14,5,24,4,12,8,21,4,0,-350,-41,-41,-41,-41,-39,-54,-47,-47,-43,-48,-53,-92,-86,-146,-146,-146,-146,-146,-146,-146,-146,-146,-140,-221,-221,-1763,-1763,-1561,-1740,-1624,-1614,-1381,-1356,-947,-642,-3200,-1012,-5302,-5302,-5049,-4189,-2292,-2101,-29971,-29971,-29971,-29971,-29973,-29974,-29973,-29975,-29991,-29992]} 1. e4 e5 2. Nf3 Nc6 3. Bb5 a6 4. Ba4 Nf6 5. O-O b5 6. Bb3 Bb7 {6...Bc5 is the modern continuation.} 7. d3 Bd6 8. a4 h6 {C78: Ruy Lopez: Archangelsk and Möller Defences.} 9. Nc3 b4 10. Ne2 O-O {White is slightly better.} 11. a5 Re8 {[#]} 12. c4 $146 ({Predecessor:} 12. Ng3 Bf8 13. Re1 Rb8 14. Bd2 d6 15. c3 d5 16. Qc2 Qd7 17. Ba4 bxc3 18. bxc3 dxe4 19. dxe4 Bc5 20. h3 Ba8 {½-½ (44) Solodovnichenko,Y (2570)-Henrichs,T (2483) Maastricht 2012}) 12... Bf8 13. Bc2 g6 14. h3 d6 15. Ba4 Nd7 16. Bd2 Rb8 $1 17. Nc1 Nc5 18. Bc2 Bc8 19. b3 Bg7 20. Na2 (20. Ne2 $15) 20... f5 $17 21. Qe1 {[%cal Ra2b4]} fxe4 ({Weaker is} 21... Nxa5 22. Nxb4 fxe4 23. dxe4 $14) (21... Rf8 $1 $19 22. Nxb4 Nxb4 23. Bxb4 fxe4 24. dxe4 Rxf3 $1) 22. dxe4 {[%cal Ra2b4]} Rf8 $1 {[%cal Rf8f3] Threatens to win with ...Rxf3!} ({Much weaker is} 22... Nxa5 $6 23. Nxb4 Naxb3 24. Bxb3 $14) 23. Qe3 Ne6 24. Bd1 Nf4 25. Kh2 Kh7 26. Ne1 Bd7 (26... h5 $142 27. Kh1 Bh6) 27. Nc2 {[%cal Ra2b4]} Nd4 28. Ncxb4 c5 ({Black should try} 28... Bf6 $1 $17) 29. Nd5 $15 Nxd5 30. cxd5 Qh4 31. f3 Bb5 32. Rg1 Bd7 (32... Bf6 {is more complex.} 33. Qc3 Bg5 34. b4 Be2 35. Be1 Qf4+) 33. Be1 ({White should play} 33. b4 $14) 33... Qf4+ $1 34. Qxf4 exf4 35. Rb1 {[#]} Rb5 (35... Ba4 $1 $15) 36. b4 {Threatening Ba4.} Rb7 37. Rc1 Rc8 38. bxc5 Rxc5 39. Rxc5 dxc5 40. g3 $2 {[%mdl 8192]} (40. Nc3 $11 {and White is okay.}) 40... Rb1 $2 (40... Rb2+ $19 41. Rg2 Rb1) 41. Nc3 $1 {[%cal Rc3b1] [#]} Rxd1 42. Nxd1 {Hoping for Kg2.} Nxf3+ {[%mdl 64] Double Attack} 43. Kg2 Nxg1 44. Kxg1 fxg3 {[%mdl 4096] Endgame KBB-KBN} ({Of course not} 44... Bxh3 45. gxf4 g5 46. Kf2 $11) 45. Kg2 Ba4 46. Ne3 {Black converts the advantage convincingly.} Bd4 47. Kf3 ({Better is} 47. Nc4) 47... g2 $1 $17 {[%cal Rg2g1]} 48. Nxg2 {[#]} Bd1+ $1 49. Kg3 c4 50. Bd2 c3 51. Bc1 Kg7 52. Ne1 {[#]} (52. Nf4 $17 {was necessary.} Kf6 53. Ne6 Be5+ 54. Kf2) 52... g5 $1 $19 53. Nf3 $2 (53. Nd3) 53... Bxf3 54. Kxf3 {KB-KB} Be5 55. Ke2 Kf6 56. Kd3 h5 57. Be3 g4 58. hxg4 hxg4 59. Kc2 g3 60. Kd3 g2 61. Bg1 Kg5 62. Kc2 Kf4 {Black mates.} 63. Kd3 Kf3 64. Bb6 c2 {[%mdl 64] Deflection} 65. Kxc2 Kxe4 66. Kd2 Bd4 {Weighted Error Value: White=0.48/Black=0.19} 0-1

[Event "Vezerkepzo GM November 2021"]
[Site "Budapest"]
[Date "2021.11.26"]
[Round "9.2"]
[White "Manish Anto Cristiano F"]
[Black "Chakravarthi Reddy, M."]
[Result "1/2-1/2"]
[WhiteElo "2371"]
[BlackElo "2332"]
[Annotator "TA"]
[PlyCount "33"]
[EventDate "2021.11.20"]
[EventType "tourn"]
[EventCountry "HUN"]
[SourceTitle "playchess.com"]
[Source "ChessBase"]
[SourceQuality "1"]

{[%evp 18,33,0,-6,-6,-6,-8,-7,-11,-40,-2,-10,21,22,22,15,46,-17]} 1. e4 e6 2. d4 d5 3. Nc3 Nf6 4. e5 Nfd7 5. f4 c5 6. Nf3 Nc6 7. Be3 a6 8. Qd2 b5 9. Be2 Qb6 {9...Be7 is the modern continuation.} 10. O-O cxd4 {C11: French: Classical System: 4 e5 and 4 Bg5 dxe4.} 11. Nxd4 Bc5 {[%cal Rc6d4]} 12. Rad1 O-O {The position is equal.} 13. Bf3 {[#]} Bb7 $146 ({Predecessor:} 13... Nxd4 14. Bxd4 Bxd4+ 15. Qxd4 Qxd4+ 16. Rxd4 Rb8 17. Rdd1 Nb6 18. b3 b4 19. Ne2 a5 {½-½ (59) Dordzhieva,D (2335)-Alinasab,M (2239) New Delhi 2019}) 14. Nce2 f6 15. exf6 Nxf6 16. c3 a5 17. Kh1 {A rather calm draw.  Weighted Error Value: White=0.06/Black=0.17} (17. Nc2 $14) 1/2-1/2

[Event "Vezerkepzo GM November 2021"]
[Site "Budapest"]
[Date "2021.11.26"]
[Round "9.3"]
[White "Prraneeth Vuppala"]
[Black "Murphy, Conor E"]
[Result "1/2-1/2"]
[WhiteElo "2275"]
[BlackElo "2421"]
[Annotator "TA"]
[PlyCount "82"]
[EventDate "2021.11.20"]
[EventType "tourn"]
[EventCountry "HUN"]
[SourceTitle "playchess.com"]
[Source "ChessBase"]
[SourceQuality "1"]

{[%evp 12,82,13,20,19,23,32,27,40,10,18,10,11,10,10,10,10,10,11,10,10,10,10,0,13,14,22,0,0,11,0,0,0,0,40,44,43,25,41,26,26,26,26,26,26,26,26,26,26,26,26,26,26,26,33,0,0,0,101,0,49,0,49,0,0,0,0,0,0,0,0,0,0]} 1. d4 Nf6 2. c4 e6 3. Nf3 d5 4. Nc3 Be7 5. Bf4 O-O 6. e3 b6 7. Bd3 dxc4 {is now debated instead of 7...Bb7. D37: Queen's Gambit Declined: 5 Bf4.} 8. Bxc4 Ba6 9. Bxa6 Nxa6 {White has an edge.} 10. Qa4 Nb4 11. O-O Qe8 12. Qb3 {[#]} Rc8 $146 ({Predecessor:} 12... c5 13. Rfd1 Rc8 14. dxc5 Bxc5 15. Be5 Qc6 16. Bxf6 gxf6 17. a3 Na6 18. Qc4 Qb7 {1-0 (41) Gunina,V (2462)-Buksa,N (2409) Riga 2021}) 13. Rfd1 Nbd5 14. Nxd5 Nxd5 15. Be5 c5 16. Rac1 cxd4 17. Bxd4 Rxc1 18. Rxc1 Qd7 19. Ne5 Rc8 20. Rc4 Qb7 21. h3 f6 22. Nd3 Qa6 23. Ra4 Qb7 24. e4 Nc7 25. e5 f5 26. Nf4 Kf7 27. Rc4 Nd5 {[%cal Rd5f4]} 28. Nxd5 ({Much worse is} 28. Rxc8 Nxf4 29. Qf3 {[#]} Nxh3+ $1 30. Qxh3 Qxc8 $17) 28... Rxc4 29. Qxc4 {[#] Hoping for Nc7.} Qxd5 30. Qxd5 exd5 $11 {[%mdl 4096] Endgame KB-KB} 31. f4 g5 32. g3 h5 33. Be3 Ke6 34. Kf2 Bd8 (34... g4 $11 35. h4 Bc5) 35. a4 ({Better is} 35. fxg5 $16 {And now g6 would win.} Kxe5 36. Ke2) 35... Be7 36. b3 Bb4 (36... g4 $5 {[%cal Rg4h3]} 37. h4 Bb4 $11) 37. Ke2 g4 {The position is equal.} 38. h4 Bc3 39. Bd2 Bd4 40. Be3 Bc3 41. Bd2 Bd4 $1 {Weighted Error Value: White=0.11/Black=0.11} 1/2-1/2

[Event "Vezerkepzo GM November 2021"]
[Site "Budapest"]
[Date "2021.11.26"]
[Round "9.4"]
[White "Nitish Belurkar"]
[Black "Juhasz, Agoston"]
[Result "1/2-1/2"]
[WhiteElo "2362"]
[BlackElo "2379"]
[Annotator "TA"]
[PlyCount "34"]
[EventDate "2021.11.20"]
[EventType "tourn"]
[EventCountry "HUN"]
[SourceTitle "playchess.com"]
[Source "ChessBase"]
[SourceQuality "1"]

{[%evp 11,21,26,20,8,10,10,31,16,23,25,24,20]} 1. e4 c6 2. d4 d5 3. exd5 cxd5 4. Bd3 Nf6 5. c3 Bg4 6. Qb3 Qc7 7. Ne2 {B13: Caro-Kann: Exchange Variation and Panov-Botvinnik Attack.} Bxe2 8. Bxe2 Nc6 9. Na3 e6 {[#]} 10. Bf4 $1 Qd7 11. O-O {[#] Not much happened in this game.  Weighted Error Value: White=0.08/Black=0.03} {Predecessor:} Be7 $146 12. Nb1 O-O 13. Nd2 Bd6 14. Bxd6 Qxd6 15. Rfe1 Rab8 16. a4 Qc7 17. Qd1 a6 {½-½ (31) Das,A (2439)-Ravi,T (2405) Yogyakarta 2019} 1/2-1/2